| Tag |
First Indicator |
Second Indicator |
Subfields |
| LEADER |
00000cam a2200000 4500 |
| 001 |
in00000058213 |
| 005 |
20151008051513.0 |
| 008 |
750331s1951 ncuab b 00000 eng u |
| 010 |
|
|
|a 51014988
|
| 035 |
|
|
|a (OCoLC)01243885
|
| 035 |
|
|
|9 AAG8325AM
|
| 040 |
|
|
|c IAU
|d TXA
|d UtOrBLW
|
| 049 |
|
|
|a TXAM
|c [205723]
|
| 050 |
0 |
0 |
|a HC107.V82
|b H48
|
| 082 |
0 |
|
|a 309./1755
|
| 092 |
|
|
|a 309.1755
|b W719h
|
| 110 |
2 |
|
|a Hampton Roads-Peninsular War Studies Committee.
|
| 245 |
1 |
4 |
|a The Hampton Roads communities in World War II /
|c Charles F. Marsh, editor [and others].
|
| 264 |
|
1 |
|a Chapel Hill :
|b University of North Carolina Press,
|c [1951]
|
| 300 |
|
|
|a xv, 337 pages :
|b illustrations, map. ;
|c 24 cm.
|
| 336 |
|
|
|a text
|b txt
|2 rdacontent
|
| 337 |
|
|
|a unmediated
|b n
|2 rdamedia
|
| 338 |
|
|
|a volume
|b nc
|2 rdacarrier
|
| 504 |
|
|
|a Bibliographical footnotes.
|
| 650 |
|
0 |
|a World War, 1939-1945
|z Virginia
|z Hampton Roads.
|
| 651 |
|
0 |
|a Hampton Roads (Norfolk, Va.)
|x Social conditions.
|
| 651 |
|
0 |
|a Hampton Roads (Norfolk, Va.)
|x Economic conditions.
|
| 651 |
|
0 |
|a Hampton Roads (Norfolk, Va.)
|x Population.
|
| 700 |
1 |
|
|a Marsh, Charles F.
|q (Charles Franklin),
|d 1903-1984.
|
| 999 |
|
|
|a MARS
|
| 999 |
f |
f |
|s 6313dea3-42dd-34d5-846a-50131e4dab9b
|i 85fc1f94-6acc-32d0-a94a-9760a56e9cc1
|t 0
|
| 952 |
f |
f |
|p ric
|a Texas A&M University
|b Rellis Campus
|c Joint Library Facility
|d Remote Storage
|t 0
|e HC107.V82 H48
|h Library of Congress classification
|i unmediated -- volume
|m A14800650810
|
| 998 |
f |
f |
|a HC107.V82 H48
|t 0
|l Remote Storage
|